00800 2200193 4500001002100000005001700021008004100038035002500079082001100104090002100115100001000136245014100146260010400287300003800391500012900429650001800558850001200576990001800588YOGYA-0209000007207420150508073855.0 ind  a0010-020900000072074 a333.91 aSK 333.91bUto K aUTOYO aKualitasair telagajurug dan pemanfaatannya oleh masyarakat sekitar didesa Pucanganom Kecamatan Rongkap Kabupaten Gunungkidulcoleh Utoyo aYogyakartabFakultas pendidikan ilmu pengetahuan sosial institut keguruan dan ilmu pendidikanc1996 axvi, 99 lembar :bilus. ;c30 cm. aSkripsi program studi penddidikan Geografi Fakultas pendidikan ilmu pengetahuan sosial institut keguruan dan ilmu pendidikan aAir, Konsumsi aYOPDYOG a36078-PD/A.08